000 02435cam a2200361 a 4500
001 ocn767565507
003 TZ-ArACH
005 20130308084051.0
008 091026s2011 enk b 001 0 eng d
020 _a9780199580958
020 _a0199580952
035 _a(OCoLC)767565507
035 _a(CU-L)sky242938690
040 _aNLE
_cTZ-ArACH
041 _aEng
049 _aTZAA
050 4 _aK3240
_b.T73
100 1 _aTrindade, Antônio Augusto Cançado,
_d1947-
_95124
245 1 4 _aAccess of individuals to international justice /
_cAntônio Augusto Cançado Trindade.
260 _aOxford ;
_aNew York :
_bOxford University Press,
_c2011.
300 _axxix, 236 p. ;
_c24 cm.
490 1 _aThe collected courses of the Academy of European Law ;
_vv. 18/1
504 _aIncludes bibliographical references (p. [213]-229) and index.
505 0 _aThe historical recovery of the human person as subject of the law of nations -- The exercise of the right of access to international justice: the right of international individual petition -- Access to justice at international level and the right to an effective domestic remedy -- The interrelation between the access to justice (right to an effective remedy) and the guarantees of the due process of law -- Access to international justice in relation to the interaction between international law and domestic law -- Access to justice: the safeguard and preservation of the integrity of international jurisdiction -- New developments in the notion of "potential victim": the preventive dimension of protection -- The protection of victims in situations of great adversity or defencelessness: I -- The protection of victims in situations of great adversity or defencelessness: II -- Access to justice of victims of massacres and crimes of state -- The overcoming of obstacles to direct access to justice.
650 0 _aHuman rights.
_95125
650 0 _aJustice, Administration of.
_95126
830 0 _aCollected courses of the Academy of European Law ;
_vv. 18/1.
_95127
907 _aBLTb7291796
942 _2lcc
_cBOOK
999 _c1649
_d1649